00580 2200229 4500001002100000005001700021008004100038020002200079035002400101082001000125090002200135100001900157245002400176250001100200260003000211300003100241650002100272850001600293980001300309985000600322999002200328YOGYA-0209000006874620090227093136.0 ind  a978-979-1227-14-8 0010-020900000068746 a801.1 a801.1bSum KlDEP aSUMANTO, Bakdi aKatabBakdi Sumanto aCet. 1 aYogyakartabBentangc2006 aviii, 136 hlmbilusc21 cm aPuisi - Kumpulan aYOPDYOG (M) a6-3-2008 a1 aCB-D.11 2006-864h